000
00201nam a22000977a 4500
020
_a
978-93-5103-789-7
082
_a
823
_b
SCH/C
245
_a
WHO IS SLEEPING
650
_a
ENGLISH SHORT STORY
942
_c
BK
999
_c
3255
_d
3255